Characters From the Book "Escape From Mr. Lemoncello's Library" - Statistics

General Stats
  • This quiz has been taken 51 times
  • The average score is 6 of 9
Answer Stats
Hint Answer % Correct
Funny, silly, rich man that loves libraries Mr. Lemoncello
97%
12-year-old boy who loves games Kyle Keeley
83%
His female friend Akimi Hughes
66%
Pretty, sassy cheerleader Haley Daley
62%
Nerd with glasses and a nasal voice Andrew Peckleman
59%
Shy bookworm Sierra Russell
59%
Bully who tried to cheat Charles Chiltington
55%
Mr. Lemoncello's Russian assistant Dr. Zinchenko
55%
His male friend Miguel Fernandez
55%
No matching quizzes found
Score Distribution
Percent of People with Each Score
Percentile by Number Answered
Your Score History
You have not taken this quiz